000 00673nam a22002297a 4500
005 20150330041547.0
008 060717s2006 caua 001 0 eng d
020 _a9780072260939
041 0 _aeng
080 _a004
100 1 _aPetkovic, Dušan.
245 1 0 _aMicrosoft SQL Server 2005 :
_cDušan Petkovic.
246 3 0 _aSQL Server 2005
260 _aEmeryville, Calif. :
_bMcGraw-Hill/Osborne,
_c2006.
300 _a704 f. :
_bme il.;
_c24 cm.
440 0 _aEssential skills for database professionals
505 0 _aIndex: f. 687 - 704
630 0 0 _aSQL server.
650 0 _aKompjuterat
650 0 _aBaza e të dhënave
942 _2udc
_cBK
999 _c578
_d578